Family Relationships and Loyalties/ (Record no. 211697)

MARC details
000 -LEADER
fixed length control field 00519nam a22001817a 4500
005 - DATE AND TIME OF LATEST TRANSACTION
control field 20250610141803.0
010 ## - LCCN (DPL NO)
LC control number ENG-145254
020 ## - INTERNATIONAL STANDARD BOOK NUMBER
Terms of availability 300.00
International Standard Book Number 9789380151380
035 ## - SYSTEM CONTROL NUMBER
System control number EN-128786
037 ## - SOURCE OF ACQUISITION
Source of stock number/acquisition DBAD
082 ## - DEWEY DECIMAL CLASSIFICATION NUMBER
Classification number 305.231
100 ## - MAIN ENTRY--PERSONAL NAME
Personal name Vijaya
245 00 - TITLE STATEMENT
Title Family Relationships and Loyalties/
Statement of responsibility, etc Vijaya
260 ## - PUBLICATION, DISTRIBUTION, ETC. (IMPRINT)
Place of publication, distribution, etc Goa
Name of publisher, distributor, etc CinnamonTeal
Date of publication, distribution, etc 2010
270 ## - ADDRESS
Address Polt No 16,Gogal, Housing Board Colony
City Margao Goa
Postal code 403601
300 ## - PHYSICAL DESCRIPTION
Extent 208p.
Dimensions 22cm(pb)
942 ## - ADDED ENTRY ELEMENTS (KOHA)
Source of classification or shelving scheme Dewey Decimal Classification
Item type English Books
Call number suffix VIJ
Classification part 305.231
Holdings
Withdrawn status Lost status Not for loan Collection code Home library Current library Date acquired Source of acquisition Cost, normal purchase price Full call number Barcode Copy number Cost, replacement price Koha item type
      Non-fiction RC3 Shakur Pur RC3 Shakur Pur 10/06/2025 Delivery of Books Act Division 300.00 VIJ 305.231 EN-128786 1 300.00 English Books

© Delhi Public Library
Hit Counter
free hit counter